Match Survivor Player to Original Season - Statistics

General Stats
  • This quiz has been taken 987 times
  • The average score is 13 of 24
Answer Stats
Survivor Season % Correct
Rupert Boneham Pearl Islands
94%
Natalie Anderson San Juan del Sur
87%
Tony Vlachos Cagayan
85%
Domenick Abbate Ghost Island
81%
Cirie Fields Panama
79%
Chris Underwood Edge of Extinction
78%
Brenda Lowe Nicaragua
73%
Justin "Jay" Starrett Millennials vs GenX
67%
Colleen Haskell Borneo
63%
Gary Hogeboom Guatemala
63%
Dan "Wardog" Dasilva Edge of Extinction
62%
Alexis Jones Micronesia
52%
Caleb Reynolds Koah Rong
51%
Brendan Synott Tocantins
51%
Charlie Herschel Gabon
47%
Jim Rice South Pacific
47%
Jolanda Jones Palau
40%
Maralyn Hershey The Australian Outback
39%
John Carroll Marquesas
38%
Courtney Marit Panama
38%
Michelle Schubert Millennials vs GenX
30%
Katie Hanson Philippines
29%
Yesenia "Jessie" Camacho Africa
28%
Lisa Keiffer Vanuatu
22%
No matching quizzes found
Score Distribution
Percent of People with Each Score
Percentile by Number Answered
Your Score History
You have not taken this quiz